000 00551nam a2200169Ia 4500
005 20260601193259.0
008 260601s9999||||xx |||||||||||||| ||und||
020 _a978-3-031-64657-7
_qebk
100 _aJacek Rak
245 0 _aResilient Routing in Communication Networks
250 _aSecond Edition 2024
260 _aHeidelberg, Germany
_bSpringer Nature
_c2024
440 _aComputer Communications and Networks
650 _aComputer Science
856 _uhttps://link.springer.com/openurl?genre=book&isbn=978-3-031-64657-7
942 _cEB
_2ddc
999 _c56955
_d56955